Statystyki dla Państwa Europy

Kliknij tutaj aby rozwiązać quiz!

Ogólne statystyki

  • Ten quiz został rozwiązany 1 467 154 razy
  • Średni wynik to 38 z 45

Odpowiedzi na mapie

Odpowiedzi skodowane kolorowo w zielono-czerwonej skali na mapie do tego quizu, zgodnie z poniższymi procentami.
 

Statystyki odpowiedzi

Państwa% Poprawnych
Polska
99%
Niemcy
98%
Rosja
98%
Francja
97%
Ukraina
97%
Czechy
96%
Hiszpania
96%
Włochy
96%
Białoruś
95%
Litwa
95%
Portugalia
94%
Slowacja
94%
Szwecja
94%
Wielka
Brytania
94%
Lotwa
93%
Norwegia
93%
Finlandia
91%
Estonia
90%
Irlandia
90%
Dania
89%
Grecja
89%
Belgia
88%
Holandia
88%
Islandia
86%
Austria
85%
Chorwacja
85%
Szwajcaria
85%
Slowenia
82%
Węgry
82%
Rumunia
81%
Watykan
80%
Bośnia i
Hercegowina
79%
Albania
77%
Luksemburg
77%
Bułgaria
75%
Moldawia
71%
Serbia
71%
Czarnogóra
70%
Andora
69%
Liechtenstein
69%
San Marino
69%
Kosowo
67%
Macedonia
Północna
67%
Monako
67%
Malta
65%

Rozkład punktacji

Percentyl według liczby udzielonych odpowiedzi

Procent ludzi z każdym wynikiem

Twoja historia wyników

Nie rozwiązałeś tego quizu